| 000 | 00643nam a2200277Ia 4500 | ||
|---|---|---|---|
| 001 | Z_3081 | ||
| 003 | CHAP | ||
| 008 | 220113s1985 xx 000 0 und d | ||
| 010 | _a166171 | ||
| 040 | _cCHAP | ||
| 082 | _a591.842 H3y | ||
| 100 |
_aHam, Arthur W _9140234 |
||
| 245 |
_aTratado de histología / _cpor Arthur W Ham |
||
| 260 |
_aMéxico, D. F. : _bInteramericana, _c1985 |
||
| 300 |
_a1079 p. : _bilus. |
||
| 440 | _a | ||
| 500 | _aTrad. De : Histology de 1979 | ||
| 503 | _a | ||
| 650 |
_aHistología _955591 |
||
| 901 | _a591.842 H3y | ||
| 902 | _aA | ||
| 910 | _a1985 | ||
| 942 | _c1 | ||
| 942 | _cc1 | ||
| 999 |
_c166171 _d166171 |
||